00329nam a2200121Ia 4500008004100000041000800041082001600049100001700065245004500082260003900127300002900166365001200195240624s9999 xx 000 0 und d aeng a658.409 BAI aBAILOM FRANZ aENDURING SUCCESS WHAT TOP COMPANIES DO D c2007aNew YorkbPalgrave Macmillan ax, : 204 : p. : cm. ; 24 cGBPb30